000 00347nam a2200133Ia 4500
008 240624s9999 xx 000 0 und d
041 _aeng
082 _a658.4053 SCA
100 _aSCANNELL MARY
245 _aBIG BOOK OF CONFLICT RESOLUTION GAMES
260 _c2010
_aNew Delhi
_bTata McGraw- Hill
300 _a230 : p. : cm. ; 24
365 _cRS
999 _c16985
_d16985